| 000 | 00910nam a22001935i 4500 | ||
|---|---|---|---|
| 001 | 152996 | ||
| 003 | ES-MaACL | ||
| 005 | 20230906204953.0 | ||
| 008 | 050819m18591900sp a | |||||||| ||spa d | ||
| 040 |
_aCAM _bspa _cCAM |
||
| 110 | 2 |
_aCasa Ildefonso Sierra (Madrid) _9134226 |
|
| 245 | 1 | 0 |
_aManual y catálogo ilustrado de campanillas eléctricas, para-rayos, teléfonos, aparatos electro-medicinales, telegrafía, pilas, conductores-eléctricos, etc., etc. _b: casa fundada en 1859 por Ildefonso Sierra ... |
| 260 |
_aMadrid : _b[Casa Ildefonso Sierra] calle del Lobo, núm. 8, duplicado, _c[1859?.] ( _fImp. de El Progreso, á c. de B. Lanchares) |
||
| 300 |
_a75, [5] p. : _bil. ; _c23 cm. |
||
| 596 | _aEl imp. consta en colofón. | ||
| 650 | 4 |
_aTeléfonos- _vCatálogos. _9136917 |
|
| 650 | 4 |
_aTimbres- _vCatálogos. _9136930 |
|
| 852 |
_aES-MaACL _jT-381-F-16 _z-- Enc. hol. _z-- Enc. en un vol. facticio |
||
| 999 |
_c152996 _d152996 |
||